000 00550cam a2200217ua 4500
001 9302
008 150228n ii |||gr||||Z||||||asm
040 _cMAIN
041 _aasm
082 _a301
100 _aSaikia, Mridul,
_eAuthor.
245 1 3 _aSamaj sastra parichai
_cby Mridul Saikia
250 _a1st.
260 _aDibrugarh:
_bStudents emporium,
_c1997.
300 _a219p.
653 _aSociology & anthropology
653 _aSociology
653 _aUchchatar madhuamik samajsastra
700 _aSaikia, Utpal,
_eAuthor.
942 _cBK
999 _c8369
_d8369